Los materiales didácticos para la enseñanza del español a los indígenas mexicanos : I. De la conquista a la revolución.

Uloženo v:
Podrobná bibliografie
Hlavní autor: Ruiz de Bravo Ahuja, Gloria (autor)
Médium: Kniha
Jazyk:španělština
Edice:(Sepsetentas ; 312).
Témata:
Tagy: Přidat tag
Žádné tagy, Buďte první, kdo vytvoří štítek k tomuto záznamu!

MARC

LEADER 00000nam^a2200000^u^4500
001 000497081
005 20250521000000.0
008 070228s1000^^^^^^^^^^^^r^^^^^000^0^spa^d
009 20260310125626.367
035 |a FCE 000040694 
037 |a Acervo ITESO - Biblioteca 
041 |a spa 
082 0 4 |a 082.1  |b SEP 312 
100 |a Ruiz de Bravo Ahuja, Gloria  |e (autor) 
245 1 4 |a Los materiales didácticos para la enseñanza del español a los indígenas mexicanos :  |b I. De la conquista a la revolución. 
264 |a México :  |b SEP,  |c 1976. 
300 |a 135 p. 
336 |a texto  |b txt  |2 rdacontenido 
337 |a sin mediación  |b n  |2 rdamedio 
338 |a volumen  |b nc  |2 rdasoporte 
440 1 |a (Sepsetentas ; 312). 
649 |a XX 
650 |a Indígenas 
650 |a Material didáctico 
650 |a Enseñanza del español 
650 |a México 
910 |a Fondo Centro de Estudios Educativos 
920 |a Impresos - Libros 
930 |a Fondos Especiales 
905 |a 133 
901 |a ALE047530  |b IT2  |c CEE  |u 20250521 
901 |a ALE075262  |b IT2  |c CEE  |u 20250521 
902 |a https://opac.biblio.iteso.mx/vufind/Record/000497081